Pokémon - Quiz général #02 - Statistiques

Statistiques générales
  • Ce quiz a été pris 103 fois
  • Le résultat moyen est 7 sur 10
Statistiques - réponses
Question Réponse % Correct
Quel type a été introduit en sixième génération ? Fée
95%
Lequel n'est pas un starter ?
94%
Munja est le Pokémon avec le moins de PV ? Vrai
94%
Quel objet permet d'empêcher l'évolution d'un Pokémon lorsqu'il est tenu ? La Pierre Stase
91%
Lequel de ces lacs n'est pas situé à Sinnoh ? Le Lac Colère
83%
Dans l'animé, quel est le surnom du Pikachu de Richie ? Sparky
81%
Quel Pokémon possède cette description : « Le cerveau de sa queue a beau être très petit, il n’en reste pas moins un organe vital doté d’immenses pouvoirs psychiques. » ? Girafarig
68%
Laquelle de ces propositions est fausse concernant Vivaldaim ? Il est uniquement de type Plante
51%
Combien y avait-il de types différents dans la première génération ? 15
43%
Quelle ball permet d'établir directement le bonheur du Pokémon capturé à 200 ? La Copain ball
38%
Aucun quiz correspondant
Distribution des résultats
% des personnes avec chaque résultat
Percentile par nombre de réponses
Votre historique - résultats
Vous n’avez pas pris ce quiz